|
|
|
|
| LEADER |
00000njm a2200000 i 4500 |
| 001 |
1/47208 |
| 007 |
sd fs gn m ed |
| 008 |
070630s1988 fr fre d |
| 028 |
0 |
1 |
|a C559003
|b Ocora
|
| 035 |
|
|
|l 10088579
|
| 040 |
|
|
|a GR-MY-UA
|b gre
|e aacr
|
| 041 |
0 |
|
|a fre
|
| 082 |
0 |
|
|a 781.6296
|2 (22η εκδ.)
|
| 245 |
1 |
0 |
|a Burundi
|h [ηχογράφηση] :
|b musiques traditionnelles
|
| 260 |
|
|
|a Paris :
|b Ocora,
|c 1988
|
| 300 |
|
|
|a 1 δίσκος CD (65,22 λ.);
|b ψηφιακός, στέρεο;
|c 4 3/4
|
| 505 |
0 |
|
|a Chant avec cithare .--Chant de femmes .-- Ubuhuha .-- Ubuhuha .-- Complainte avec viele monocorde .-- Chant et arc musical .-- Chant et sanza .-- Solo de flute .-- Akazehe par une jeune fille .-- Akazehe par deux jeunes filles .-- Solo de cithare .-- Tambours royaux ingoma .-- Suite de cithare inanga avec voix chuchotee .-- Sanza ikembe avec voix .-- Tambours ingoma avec choeur d'hommes .-- Groupes de tambours royaux avec appels de trompes .-- Chant d'enfant accompagne d'un arc musical umuduri
|
| 511 |
|
|
|a Field recordings of various performers
|
| 650 |
0 |
0 |
|a Folk music
|z Burundi.
|
| 650 |
0 |
0 |
|a Folk songs, Rundi
|z Burundi.
|
| 852 |
|
|
|a INST
|b SAMOS
|c AV
|e 20070630
|h 781.6296 BUR
|p 005300026106
|q 005300026106
|t CD
|y 23
|
| 901 |
|
|
|a BIBL3-2006-1
|
| 909 |
|
|
|a Σ
|b 039519
|
| 922 |
|
|
|a 3ΕΛΗ
|b 199812
|c ΤΜΗΜΑ ΜΑΘΗΜΑΤΙΚΩΝ
|d ΛΕΣΧΗ ΔΙΣΚΟΥ
|
| 970 |
|
|
|a ΒΛΑΧΟΥ
|b ΒΑΣΙΛΙΚΗ
|z 2007/06/30
|